Jaké trendy se prosazují ve firemním vzdělávání

Aktuálne trendy vo firemnom vzdelávaní. Zmeny vo vzdelávaní vzhľadom na rozvoj technológii a digitalizácie. Vzdelávacie programy pre rozvoj manažérov.

Na minha lista:
Detalhes bibliográficos
Autor principal: Kazdová, Alena
Formato: Capítulo de Livro
Idioma:tcheco
Assuntos:
Tags: Adicionar Tag
Sem tags, seja o primeiro a adicionar uma tag!

MARC

LEADER 00000naa a2200000 4500
001 0256888
005 20190704131416.4
041 0 |a cze 
044 |a CZ 
245 1 0 |a Jaké trendy se prosazují ve firemním vzdělávání  |c Alena Kazdová 
520 |a Aktuálne trendy vo firemnom vzdelávaní. Zmeny vo vzdelávaní vzhľadom na rozvoj technológii a digitalizácie. Vzdelávacie programy pre rozvoj manažérov. 
610 2 0 |a vzdelávanie ďalšie 
610 2 0 |a digitalizácia 
610 2 0 |a firmy 
610 2 0 |a rozvoj pracovníkov 
610 2 0 |a manažéri 
610 2 0 |a zamestnanci 
610 2 0 |a školenie odborné 
100 1 |a Kazdová, Alena